[Event "Campobasso op 12th"]
[Site "Campobasso"]
[Date "2005.07.10"]
[Round "6"]
[White "Ragnoni, Alessandro"]
[Black "Angelillis, Nicola"]
[Result "0-1"]
[WhiteElo "2086"]
[BlackElo "1826"]
[PlyCount "88"]
[EventDate "2005.07.08"]
[EventType "swiss"]
[EventRounds "6"]
[EventCountry "ITA"]
[SourceTitle "EXT 2007"]
[Source "ChessBase"]
[SourceDate "2006.11.23"]
[SourceVersion "1"]
[SourceVersionDate "2006.11.23"]
[SourceQuality "1"]

1. e4 c5 2. Nf3 d6 3. d4 cxd4 4. Nxd4 Nf6 5. Nc3 a6 6. Bg5 e6 7. f4 Be7 8. Qf3 Qc7 9. 0-0-0 Nbd7 10. Bd3 b5 11. Rhe1 Bb7 12. Qg3 b4 13. Nd5 exd5 14. e5 dxe5 15. fxe5 Nh5 16. e6 Nxg3 17. exf7+ Kxf7 18. Rxe7+ Kg8 19. hxg3 Qxg3 20. Ne6 Qe5 21. Rf1 Nc5 22. Bf6 Qe3+ 23. Kd1 Nxe6 24. Bxg7 Nxg7 25. Rxe3 Rf8 26. Rh1 h5 27. Re7 Rf7 28. Re5 Rh6 29. g4 h4 30. g5 Rh8 31. g6 Rf8 32. Re7 Bc8 33. Rc7 h3 34. Bf1 Bf5 35. Bxa6 Be4 36. Rh2 Bxg6 37. Bc8 Bf5 38. Bb7 Be6 39. a4 bxa3 40. bxa3 Rh4 41. Bc6 Rg4 42. Re2 Rg2 43. Rxg7+ Kxg7 44. Rxe6 Rf1+ 0-1